|
|
|
|
| LEADER |
00000nam a2200000 a 4500 |
| 001 |
vtls009311845 |
| 003 |
SK-MaSNL |
| 005 |
20260301024123.0 |
| 008 |
080714s2007 sz c g hed 000 0 cze |
| 020 |
|
|
|a 9783729000667 (viaz.)
|
| 040 |
|
|
|a SNK
|b slo
|c SNK
|e AACR2
|
| 041 |
0 |
|
|a cze
|
| 043 |
|
|
|a e-xr---
|
| 044 |
|
|
|a sz
|c CH
|
| 072 |
|
7 |
|a 929
|x Biografie
|2 konspekt
|
| 080 |
|
|
|a 929
|2 2001
|
| 080 |
|
|
|a (437.3)
|2 2001
|
| 080 |
|
|
|a (031)929
|2 2001
|
| 245 |
0 |
0 |
|a Who is-? (v České republice)
|b dodatkové dílo : [životopisná encyklopedie předních žen a mužů České republiky]
|c založeno Ralphem Hübnerem
|
| 250 |
|
|
|a 6. vyd.
|
| 260 |
|
|
|a Zug
|b Who is Who
|c 2007
|
| 300 |
|
|
|a 1812 s.
|b portr.
|c 22 cm
|e 1 CD-ROM
|
| 490 |
1 |
|
|a Hübners Who is who
|
| 648 |
|
7 |
|a 20.-21. stor.
|2 SNKPH
|9 270701
|
| 650 |
0 |
7 |
|a osobnosti
|2 SNKPH
|9 29820
|
| 651 |
|
7 |
|a Česko
|2 SNKPH
|9 16753
|
| 655 |
|
7 |
|a biografické slovníky
|2 SNKPH
|9 51960
|
| 700 |
1 |
|
|a Hübner, Ralph
|4 edt
|9 317634
|
| 830 |
|
0 |
|a Hübners Who is who
|9 317635
|
| 919 |
|
|
|a 978-3-7290-0066-7
|
| 999 |
|
|
|c 570525
|d 572455
|
| 952 |
|
|
|t snkWHO/2 929(031)/príl.
|a SNKMST
|b SNKMST
|y PREZ
|7 0
|p 17A0598779
|o snkIC 136908/príl.
|i snk2008/17815
|8 2
|3 Príloha: 1 CD-ROM
|z Príloha
|0 0
|1 0
|4 0
|d 2008-09-29
|l 0
|r 2025-08-13 00:00:00
|w 2026-02-23
|
| 952 |
|
|
|t snkWHO/2 929(031)
|a SNKUST
|b SNKUST
|y PREZ
|7 0
|p 17A0598763
|o snkIC 136908
|i snk2008/17815
|8 2
|g 297.42
|3 Príloha: 1 CD-ROM
|0 0
|1 0
|4 0
|d 2008-07-14
|l 0
|r 2025-03-19 00:00:00
|w 2026-02-23
|